00000000nam##2200000za#4500
0019.650739
003CaOODSP
00520210615114534
007ta
008150407|2007||||xxc|||||     f|0| 0 eng|d
040 |aCaOODSP|beng
043 |an-cn---
0861 |aRC31-38/2007E
1101 |aCanada.|bIndian Claims Commission.
24510|aJames Smith Cree Nation Treaty Land Entitlement Inquiry
2461 |aJames Smith Cree Nation, report on: Treaty Land Entitlement
260 |aOttawa - Ontario : |bIndian Claims Commission |c2007.
300 |axviii, 78p. : |bglossary, maps (some coloured), references ; |c28 cm.
5203 |aIn May 1999, James Smith Cree Nation wrote the Indian Claims Commission requesting an inquiry into its rejected Treaty Land Entitlement claim, and in June 1999, the Commission agreed to conduct an inquiry. On May 20, 2005, the Commission issued its report into Issue 9: Amalgamation. Further written submission, followed by oral arguments were heard on the remaining issues in June 2006. This report contains a review of the facts of this issue, as well as the Commission’s legal analysis, findings, and recommendations to the parties.
563 |aSpiral binding
590 |a07-18|b2007-05-04
69007|aAgreements|2gcpds
69007|aIndigenous lands|2gcpds
69007|aLand claims|2gcpds
77508|tNation crie de James Smith - Enquête relative aux droits fonciers issus de traité |w(CaOODSP)9.683829
7760#|tJames Smith Cree Nation Treaty Land Entitlement Inquiry |w(CaOODSP)9.689796